[Event "AUTO-INT-1201"]
[Site "http://www.queenalice.com/game.php?id=539096"]
[Date "2009.2.12"]
[Round "1"]
[White "luiztiago"]
[Black "DALECIO_RAZIEL"]
[Result "1-0"]
[WhiteElo "1394"]
[BlackElo "1472"]

1. e4 e5 2. Nf3 d6 3. d4 f6 4. Bc4 a6 5. dxe5 b5 6. Bd5 c6 7. Bb3 fxe5 8. Ng5 h5
9. Nf7 Qa5+ 10. Bd2 Qc7 11. Nxh8 Bg4 12. f3 Qe7 13. fxg4 Qh4+ 14. g3 Qxg4 15.
Qxg4 hxg4 16. Bf7+ Kd7 17. Bxg8 1-0

[Event "AUTO-INT-1201"]
[Site "http://www.queenalice.com/game.php?id=539105"]
[Date "2009.2.12"]
[Round "1"]
[White "luiztiago"]
[Black "BISPO_Daniel"]
[Result "1-0"]
[WhiteElo "1455"]
[BlackElo "1406"]

1. e4 d5 2. exd5 Qxd5 3. Nc3 Qe5+ 4. Be2 Bg4 5. d4 Qe6 6. Bf4 Nc6 7. Bxc7 Rc8 8.
d5 Qg6 9. dxc6 Rxc7 10. cxb7 Rxb7 11. Bxg4 Nf6 12. Bf3 e6 13. Bc6+ Rd7 14. Qd2
Qxg2 15. Qxd7+ Nxd7 16. Bxg2 g5 17. Bc6 h5 18. O-O-O Ke7 19. Ne4 Bh6 20. Rxd7+
Kf8 21. Rd8+ Kg7 22. Rxh8 Kxh8 23. Kb1 f5 24. Nd6 g4 25. f3 e5 26. Nxf5 Bd2 27.
fxg4 hxg4 28. h4 Kh7 29. Be4 1-0

[Event "AUTO-INT-1201"]
[Site "http://www.queenalice.com/game.php?id=539106"]
[Date "2009.2.12"]
[Round "1"]
[White "BISPO_Daniel"]
[Black "luiztiago"]
[Result "0-1"]
[WhiteElo "1401"]
[BlackElo "1471"]

1. d4 d5 2. c3 Nc6 3. Na3 e5 4. Be3 Bxa3 5. bxa3 Qf6 6. Rb1 Nge7 7. Nf3 b6 8.
Bg5 Qf5 9. e4 dxe4 10. Bxe7 exf3 11. gxf3 Nxe7 12. Bb5+ c6 13. Bd3 Qf4 14. Rg1
g6 15. dxe5 Qxe5+ 16. Be2 Qxc3+ 17. Qd2 Qxd2+ 18. Kxd2 Be6 19. Rgc1 Bxa2 20. Rb2
Bd5 21. a4 Rb8 22. a5 O-O 23. axb6 Rxb6 24. Rxb6 axb6 25. f4 Rd8 26. Bc4 Bxc4+
27. Kc3 b5 28. Kb4 Rd4 29. Ra1 Rxf4 30. Ra8+ Kg7 31. Re8 Bd5+ 32. Kc5 Kf6 33.
Kd6 Nf5+ 0-1

[Event "AUTO-OPEN-1440"]
[Site "http://www.queenalice.com/game.php?id=539749"]
[Date "2009.2.13"]
[Round "1"]
[White "Granger2009"]
[Black "luiztiago"]
[Result "1/2-1/2"]
[WhiteElo "1962"]
[BlackElo "1424"]

1. d4 d5 2. Bg5 Nc6 3. f3 Nf6 4. Bxf6 exf6 5. e4 dxe4 6. d5 Nb4 7. fxe4 Bd6 8.
Nf3 Bg4 9. c3 Bxf3 10. gxf3 Na6 11. Bxa6 bxa6 12. Qa4+ Qd7 13. Qxa6 Qh3 14. Qc6+
Ke7 15. Nd2 Bf4 1/2-1/2

[Event "AUTO-OPEN-1440"]
[Site "http://www.queenalice.com/game.php?id=539750"]
[Date "2009.2.13"]
[Round "1"]
[White "luiztiago"]
[Black "Granger2009"]
[Result "1/2-1/2"]
[WhiteElo "1424"]
[BlackElo "1962"]

1. e4 e5 2. Nf3 Nc6 3. Bb5 a6 4. Ba4 Nf6 5. O-O b5 6. Bb3 Bc5 7. Re1 O-O 8. c3
d6 9. d4 exd4 10. cxd4 Bb6 11. Bg5 h6 12. Bh4 g5 13. Bg3 Re8 14. Nc3 Bg4 15. Nd5
Bxf3 16. Qxf3 Bxd4 17. Nxf6+ Qxf6 18. Qxf6 Bxf6 19. Bd5 Nb4 20. Bxa8 1/2-1/2

[Event "AUTO-OPEN-1440"]
[Site "http://www.queenalice.com/game.php?id=539769"]
[Date "2009.2.13"]
[Round "1"]
[White "imcute"]
[Black "luiztiago"]
[Result "1-0"]
[WhiteElo "1978"]
[BlackElo "1506"]

1. e4 e5 2. Nf3 Nc6 3. Bc4 Nf6 4. Nc3 Bc5 5. d3 d6 6. Bg5 O-O 7. Nd5 Kh8 8. Nxf6
gxf6 9. Bh4 Qe7 10. Qd2 Rg8 11. Qh6 Rg6 12. Qh5 Bg4 13. Bxf6+ Qxf6 14. Qh4 Bxf3
15. Qxf6+ Rxf6 16. gxf3 Rxf3 17. O-O-O Na5 18. Bb3 Nxb3+ 19. axb3 a5 20. c3 Bb6
21. Rd2 Rg8 22. d4 Rxf2 23. Rxf2 exd4 24. Rxf7 dxc3 25. bxc3 1-0

[Event "AUTO-OPEN-1440"]
[Site "http://www.queenalice.com/game.php?id=539770"]
[Date "2009.2.13"]
[Round "1"]
[White "luiztiago"]
[Black "imcute"]
[Result "0-1"]
[WhiteElo "1504"]
[BlackElo "1980"]

1. e4 e6 2. d4 d5 3. Nc3 Bb4 4. Bd2 Nf6 5. e5 Nfd7 6. a3 Bxc3 7. Bxc3 c5 8. b3
cxd4 9. Qxd4 Nc6 10. Qg4 O-O 11. Nf3 Nc5 12. Nd2 Qc7 13. f4 Bd7 14. O-O-O Rac8
15. h4 Na5 16. Qg3 Ncxb3+ 17. Nxb3 Nxb3+ 18. Kb2 Na5 19. Rc1 Nc4+ 0-1

[Event "AUTO-OPEN-1440"]
[Site "http://www.queenalice.com/game.php?id=539779"]
[Date "2009.2.13"]
[Round "1"]
[White "QueenFanny"]
[Black "luiztiago"]
[Result "1-0"]
[WhiteElo "1942"]
[BlackElo "1484"]

1. e4 e5 2. Nf3 Nc6 3. Bc4 Nf6 4. Ng5 d5 5. exd5 Nxd5 6. Nxf7 Kxf7 7. Qf3+ Ke6
8. Nc3 Ne7 9. d4 Qd6 10. Qe4 c6 11. f4 g6 12. fxe5 Qd7 13. O-O b5 14. Rf6# 1-0

[Event "AUTO-OPEN-1440"]
[Site "http://www.queenalice.com/game.php?id=539780"]
[Date "2009.2.13"]
[Round "1"]
[White "luiztiago"]
[Black "QueenFanny"]
[Result "1-0"]
[WhiteElo "1519"]
[BlackElo "1974"]

1. e4 e5 2. Nf3 Nc6 3. Bb5 Bb4 4. O-O Nge7 5. d4 exd4 6. Nxd4 Ne5 7. Bf4 N7g6 8.
Ne2 Qf6 9. Bxe5 Qxe5 10. Bd3 d6 11. c3 Bc5 12. Kh1 Nf4 13. g3 Nxd3 14. Qxd3 Bh3
15. f4 Qe6 16. Re1 O-O-O 17. Nd4 Bxd4 18. Qxd4 Qg4 19. Nd2 f5 20. Qxa7 Rde8 21.
Qa8+ Kd7 22. Qa4+ c6 23. Re3 Ra8 24. Qb4 Kc7 25. e5 c5 26. exd6+ Kc6 27. Qb3
Rhd8 28. Nc4 1-0

[Event "Round 1"]
[Site "http://www.queenalice.com/game.php?id=539968"]
[Date "2009.2.13"]
[Round "-"]
[White "Mr_SPOCK"]
[Black "luiztiago"]
[Result "0-1"]
[WhiteElo "1650"]
[BlackElo "1347"]

1. e4 e5 2. Qh5 Nc6 3. Bc4 g6 4. Qf3 Nf6 5. d4 Nxd4 6. Qc3 Nxe4 7. Qd3 d5 8. Nf3
Nc5 9. Qd2 dxc4 10. Nxe5 Bg7 11. O-O Bh3 12. Nxf7 Kxf7 13. Qf4+ Bf5 14. Re1 Nxc2
15. Qxc4+ Ne6 16. Bd2 Nxe1 17. h3 Bxb2 18. Bc3 Bxa1 19. Bxa1 Qd1 20. Kh2 Bxb1
21. Bxh8 Rxh8 22. Qc3 Rd8 23. Qc4 Qd2 24. Qh4 Qf4+ 25. Qxf4+ Nxf4 26. a4 h5 27.
h4 Be4 28. a5 g5 29. hxg5 Rg8 30. f3 Rxg5 31. fxe4 Rxg2+ 32. Kh1 Nf3 33. e5 Rh2#
0-1

[Event ":("]
[Site "http://www.queenalice.com/game.php?id=540530"]
[Date "2009.2.15"]
[Round "-"]
[White "luiztiago"]
[Black "Mr_SPOCK"]
[Result "0-1"]
[WhiteElo "1424"]
[BlackElo "1647"]

1. e4 e5 2. Nf3 Nf6 3. d4 Nxe4 4. Bd3 Nxf2 5. Kxf2 exd4 6. Re1+ Be7 7. Nxd4 O-O
8. Kg1 Bc5 9. Bxh7+ Kxh7 10. Qh5+ Kg8 11. Qxc5 d6 12. Qh5 Re8 13. Rf1 f6 14. Bd2
Re5 15. Nf5 Rxf5 16. Rxf5 Bxf5 17. Qxf5 Nc6 18. Bc3 Qe8 19. Nd2 Qe3+ 20. Kh1 Ne7
21. Qd7 Rf8 22. Rf1 Nc6 23. Nc4 Qe2 24. Re1 Qxc4 0-1

[Event ":("]
[Site "http://www.queenalice.com/game.php?id=546508"]
[Date "2009.2.25"]
[Round "-"]
[White "luiztiago"]
[Black "Mr_SPOCK"]
[Result "0-1"]
[WhiteElo "1415"]
[BlackElo "1630"]

1. e4 e5 2. Nf3 d5 3. exd5 Qxd5 4. Nc3 Qe6 5. Ng5 Qf5 6. d4 Nc6 7. Bb5 Bd7 8.
dxe5 Qxe5+ 9. Be3 Be6 10. Bxc6+ Ke7 11. Nxe6 fxe6 12. Qd7+ Kf6 13. O-O Bd6 14.
Bxb7 Qxh2# 0-1

[Event ";)"]
[Site "http://www.queenalice.com/game.php?id=546777"]
[Date "2009.2.26"]
[Round "-"]
[White "Mr_SPOCK"]
[Black "luiztiago"]
[Result "0-1"]
[WhiteElo "1605"]
[BlackElo "1429"]

1. e4 e5 2. d4 exd4 3. Qxd4 Nc6 4. Qd5 Nf6 5. Qf5 d5 6. Qf3 dxe4 7. Qe3 Nd4 8.
Bb5+ Nxb5 9. Ne2 Bd6 10. Qb3 a6 11. Bg5 Be6 12. c4 Be5 13. Bf4 Bxf4 14. Nxf4 Nd4
15. Qxb7 Nc2+ 16. Ke2 Bxc4+ 17. Nd3 Qxd3# 0-1

[Event "Challenge"]
[Site "http://www.queenalice.com/game.php?id=549392"]
[Date "2009.3.3"]
[Round "-"]
[White "luiztiago"]
[Black "Mr_SPOCK"]
[Result "1-0"]
[WhiteElo "1503"]
[BlackElo "1547"]

1. e4 e5 2. Nf3 d5 3. exd5 Qxd5 4. Nc3 Qe6 5. Qe2 Nc6 6. d3 Bb4 7. Bd2 Nf6 8.
Ng5 Qf5 9. Nce4 Nd4 10. Qd1 c5 11. Nd6+ Ke7 12. Nxf5+ Bxf5 13. c3 Ba5 14. cxd4
Bxd2+ 15. Qxd2 a5 16. dxe5 Nd5 17. g3 Rhe8 18. Bg2 Rad8 19. O-O h6 20. Nh3 c4
21. Qxa5 cxd3 22. Qc5+ Kd7 23. Qxd5+ Kc8 24. Qxb7# 1-0

[Event ":("]
[Site "http://www.queenalice.com/game.php?id=558346"]
[Date "2009.3.19"]
[Round "-"]
[White "Mr_SPOCK"]
[Black "luiztiago"]
[Result "1-0"]
[WhiteElo "1553"]
[BlackElo "1521"]

1. e4 e5 2. Nf3 Nc6 3. Bc4 Nf6 4. Nc3 Nxe4 5. Nxe5 Nxf2 6. Bxf7+ Ke7 7. Nd5+ Kd6
8. Qf3 Nxh1 9. Nc4+ Kc5 10. Qa3+ Kxc4 11. Qc3+ Kb5 12. a4+ Ka6 13. Qc4+ b5 14.
Qxb5# 1-0

[Event ";)"]
[Site "http://www.queenalice.com/game.php?id=559577"]
[Date "2009.3.21"]
[Round "-"]
[White "luiztiago"]
[Black "Mr_SPOCK"]
[Result "1-0"]
[WhiteElo "1549"]
[BlackElo "1514"]

1. e4 e5 2. Nf3 Nc6 3. Bb5 Bc5 4. c3 Nh6 5. d4 exd4 6. cxd4 Bb4+ 7. Bd2 O-O 8.
Nc3 Ng4 9. h3 Nxd4 10. Nxd4 Qf6 11. hxg4 Bc5 12. Be3 a6 13. Ba4 b5 14. Bc2 b4
15. e5 Qxe5 16. Bxh7+ Kh8 17. Be4+ Kg8 18. g5 bxc3 19. Qh5 f5 20. g6 cxb2 21.
Qh8# 1-0

[Event "Challenge"]
[Site "http://www.queenalice.com/game.php?id=559578"]
[Date "2009.3.21"]
[Round "-"]
[White "luiztiago"]
[Black "Mr_SPOCK"]
[Result "1-0"]
[WhiteElo "1502"]
[BlackElo "1529"]

1. e4 e5 2. Nf3 Bc5 3. d4 exd4 4. Nxd4 Bb4+ 5. Bd2 Bc5 6. Be3 Bxd4 7. Bxd4 Ne7
8. Bxg7 Rg8 9. Bf6 Nbc6 10. Bc4 Rxg2 11. Qh5 d6 12. Qxf7+ Kd7 13. Be6# 1-0

[Event ":)"]
[Site "http://www.queenalice.com/game.php?id=563860"]
[Date "2009.3.30"]
[Round "-"]
[White "Mr_SPOCK"]
[Black "luiztiago"]
[Result "0-1"]
[WhiteElo "1465"]
[BlackElo "1564"]

1. e4 e5 2. Nf3 Nc6 3. d4 exd4 4. Nxd4 Bc5 5. Qf3 Bxd4 6. Bc4 Nf6 7. Bg5 Ne5 8.
Qb3 Nxc4 9. Qxc4 Bxb2 10. c3 d5 11. exd5 Qxd5 12. Nd2 Qxc4 13. Nxc4 Bxc3+ 14.
Bd2 Bxa1 15. O-O Bd4 16. Bb4 Bf5 17. Re1+ Ne4 18. Nd2 Bxf2+ 19. Kf1 Bxe1 20.
Kxe1 Nxd2 21. Kxd2 O-O-O+ 22. Ke3 Rd3+ 23. Kf4 g6 24. h3 h6 25. g4 Rd4+ 26. Ke3
Rxb4 27. gxf5 Re8+ 28. Kd3 gxf5 29. h4 Rxh4 30. Kd2 Rg8 31. Ke2 Rg3 32. Kf2 Rc3
33. a4 Rh2+ 34. Kg1 Ra2 35. a5 Rc1# 0-1

[Event "<+^+>"]
[Site "http://www.queenalice.com/game.php?id=564741"]
[Date "2009.3.31"]
[Round "-"]
[White "Mr_SPOCK"]
[Black "luiztiago"]
[Result "0-1"]
[WhiteElo "1425"]
[BlackElo "1576"]

1. e4 e5 2. Nf3 Nc6 3. Bc4 Nf6 4. Nc3 Nxe4 5. Nxe5 Nxe5 6. Bxf7+ Nxf7 7. Nxe4 d5
8. Ng3 Bd6 9. Qf3 Be6 10. O-O O-O 11. d3 Ne5 12. Bf4 Nxf3+ 13. gxf3 Bxf4 14. Nh5
Qg5+ 15. Kh1 Qxh5 16. h4 Qxh4+ 17. Kg2 Qh2# 0-1

[Event ":("]
[Site "http://www.queenalice.com/game.php?id=565463"]
[Date "2009.4.2"]
[Round "-"]
[White "Mr_SPOCK"]
[Black "luiztiago"]
[Result "0-1"]
[WhiteElo "1410"]
[BlackElo "1615"]

1. e4 e5 2. Qh5 Nc6 3. Nf3 Nf6 4. Qh3 d5 5. Qh4 dxe4 6. Ng5 Bf5 7. d3 exd3 8. c3
Ne4 9. Nxe4 Qxh4 10. Ned2 O-O-O 11. g3 Qe7 12. b3 Qc5 13. b4 Nxb4 14. Na3 Nd5
15. Bb2 Qc6 16. c4 Nb4 17. Bxe5 a6 18. f3 Re8 19. g4 Bxg4 20. Ne4 Rxe5 21. Bg2
Bxf3 22. Bxf3 Rxe4+ 23. Bxe4 Qxe4+ 24. Kd2 g6 25. Rhe1 Bh6+ 26. Kc3 Qc6 27. Kxb4
Bd2+ 28. Kb3 Bxe1 29. Rxe1 d2 30. Rd1 Qf3+ 31. Kc2 Qxa3 32. Kxd2 Rd8+ 33. Ke2
Qxa2+ 34. Kf3 Rxd1 35. Ke4 f6 36. h4 Qxc4+ 37. Ke3 Rd3+ 38. Ke2 Qc2+ 39. Ke1
Rd1# 0-1

[Event ":(("]
[Site "http://www.queenalice.com/game.php?id=568202"]
[Date "2009.4.7"]
[Round "-"]
[White "luiztiago"]
[Black "Mr_SPOCK"]
[Result "1-0"]
[WhiteElo "1651"]
[BlackElo "1421"]

1. e4 e5 2. Nf3 Nc6 3. Bb5 a6 4. Ba4 b5 5. Bb3 Bc5 6. c3 b4 7. d4 exd4 8. cxd4
Bb6 9. Be3 Nf6 10. e5 Ne4 11. Bd5 Ba5 12. Bxe4 b3+ 13. Bd2 O-O 14. Bxa5 Bb7 15.
Bc3 d6 16. Qxb3 Rb8 17. Qa4 dxe5 18. Bxc6 exd4 19. Nxd4 Qe7+ 20. Ne2 Bxc6 21.
Qxc6 Rfe8 22. Qf3 Rb6 23. O-O Rh6 24. Qg4 Rg6 25. Qf3 c6 26. Na3 h6 27. Nf4
Rxg2+ 28. Nxg2 Qg5 29. Rae1 Rd8 30. Qxc6 Rd3 31. Re8+ Kh7 32. Qe4+ f5 33. Qxd3
h5 34. h4 Qg6 35. Rfe1 a5 36. Qd5 f4 37. Qg8+ Kh6 38. Bd2 Qg4 39. R1e6+ g6 40.
Qh8# 1-0